Measuring America : how the United States was shaped by the greatest land sale in history (Record no. 102330)
[ view plain ]
| 000 -LEADER | |
|---|---|
| fixed length control field | 00917cam a2200217 4500 |
| 008 - FIXED-LENGTH DATA ELEMENTS--GENERAL INFORMATION | |
| fixed length control field | 020905n2002 000 0 eng u |
| 020 ## - INTERNATIONAL STANDARD BOOK NUMBER | |
| International Standard Book Number | 0007108877 |
| 035 ## - SYSTEM CONTROL NUMBER | |
| System control number | (Sirsi) u119573 |
| 050 ## - LIBRARY OF CONGRESS CALL NUMBER | |
| Classification number | 526.9028 |
| 100 ## - MAIN ENTRY--PERSONAL NAME | |
| Personal name | Linklater, A. |
| 245 ## - TITLE STATEMENT | |
| Title | Measuring America : how the United States was shaped by the greatest land sale in history |
| 260 ## - PUBLICATION, DISTRIBUTION, ETC. | |
| Place of publication, distribution, etc. | London |
| Name of publisher, distributor, etc. | HarperCollins |
| Date of publication, distribution, etc. | 2002 |
| 300 ## - PHYSICAL DESCRIPTION | |
| Extent | xix,312p. |
| Other physical details | ill. |
| Dimensions | 23cm. |
| 350 ## - PRICE (NR) (BK AM CF MU VM SE) [OBSOLETE] | |
| Price | 17.99 |
| 520 ## - SUMMARY, ETC. | |
| Summary, etc. | This book tells the story of the largest property deal in history, the survey and sale of the land west of the Ohio river authorised by Congress in 1785, which has determined the configuration of farms, towns, counties and states to date. The role of land surveyors in measuring out unmapped land is also discussed. |
| 650 ## - SUBJECT ADDED ENTRY--TOPICAL TERM | |
| Topical term or geographic name entry element | LAND SURVEYING |
| 650 ## - SUBJECT ADDED ENTRY--TOPICAL TERM | |
| Topical term or geographic name entry element | LAND SURVEYORS |
| 650 ## - SUBJECT ADDED ENTRY--TOPICAL TERM | |
| Topical term or geographic name entry element | UNITED STATES |
| 690 ## - LOCAL SUBJECT ADDED ENTRY--TOPICAL TERM (OCLC, RLIN) | |
| Topical term or geographic name as entry element | MAPPING AND MEASUREMENT |
| 942 ## - ADDED ENTRY ELEMENTS (KOHA) | |
| Suppress in OPAC | 0 |
| Withdrawn status | Lost status | Source of classification or shelving scheme | Damaged status | Not for loan | Home library | Current library | Shelving location | Date acquired | Total Checkouts | Full call number | Barcode | Date last seen | Date last checked out | Copy number | Price effective from | Koha item type |
|---|---|---|---|---|---|---|---|---|---|---|---|---|---|---|---|---|
| Dewey Decimal Classification | London | London | Books | 05/09/2002 | 3 | 526.9028 LIN | 30066625 | 06/08/2019 | 30/08/2007 | 1 | 06/08/2019 | Book |